00273nam a22001097a 4500003000400000020001800004082001900022100003800041245002400079260005200103300000800155SGT a9789386027108 a891.4309bA16K aकुमार, विवेक  aअर्थला  bअंजुमन प्रकाशन c2016 a440